| 000 | 00465nam a22001457a 4500 | ||
|---|---|---|---|
| 999 |
_c4652 _d4652 |
||
| 008 | 161122b xxu||||| |||| 00| 0 eng d | ||
| 020 | _a0-8213-5527-9 | ||
| 082 | _a336 WOR | ||
| 245 |
_aNon-Bank Financial Institutions and Capital Markets in Turkey/ _cThe World Bank, _hEnglish. |
||
| 260 |
_aWashington, D.C.: _bThe World Bank, _c2003. |
||
| 300 |
_a149p.; _bill.; _c26cm.- |
||
| 440 | _aA World Bank Country Study.- | ||
| 650 | _2Public finance | ||
| 942 |
_2ddc _cBOOKS |
||